00351nam a2200133Ia 4500008004100000020001500041041001200056082001600068100001700084245006300101260002900164300000800193650001600201221030s9999 xx 000 0 und d a8170296897 aEnglish a105.23bTax aR. K. Taxali 0aFox Pro 2.5 Mode Simple For DOS & Windowscby R. K. Taxali bBPB PubaNew Delhic1996 a592 aBE Computer